| 000 | 00809nam a2200229 a 4500 | ||
|---|---|---|---|
| 001 | BRCA_5406 | ||
| 005 | 20190320205049.0 | ||
| 008 | 751103s1930####nyuac####b---#000-0#eng-# | ||
| 050 | 4 |
_aND813.S3 _bS26 1930 |
|
| 245 | 1 | 0 |
_aSanchez Coello _bin the collection of the Hispanic Society of America _cby the Hispanic Society of America |
| 260 |
_aNueva York _bThe Hispanic Society of America _c1930 |
||
| 300 |
_a1 tríprico _bil., retratos _c19 cm. |
||
| 500 | _aTriptico inventariado por Banco de México como Libro | ||
| 500 | _aM22A | ||
| 504 | _aIncluye bibliografía | ||
| 600 | 1 | 4 |
_aSánchez Coello, Alonso _y1531 o 1532 -1588 _913817 |
| 650 | 1 | 4 |
_aPintores españoles _97620 |
| 650 | 1 | 4 |
_aPinturas españolas _97789 |
| 650 | 1 | 4 |
_aGalerías y museos _zEstados Unidos _97437 |
| 902 | _aGFM | ||
| 942 |
_2lcc _cB |
||
| 999 |
_c5100 _d5100 |
||